| 000 | 00707nam a2200193 i 4500 | ||
|---|---|---|---|
| 001 | 41291 | ||
| 003 | ES-MaACL | ||
| 005 | 20230906160416.0 | ||
| 007 | t| | ||
| 008 | 030310s1841 sp ||||1| spa d | ||
| 100 | 1 |
_aCasey, Guillermo. _936306 |
|
| 245 | 1 | 0 |
_aNueva y completa gramática inglesa para uso de los españoles / _ctercera edición, corregida, adicionada y últimamente aumentada por su mismo autor Guillermo Casey. |
| 250 | _a3ª ed. corr. y aum. | ||
| 260 |
_aBarcelona : _b[s.n.], _c1841 ( _fJ. F. Piferrer) |
||
| 300 |
_a301 p., 1 gráf. ; _c21 cm. |
||
| 650 | 0 | 4 |
_aLengua inglesa- _xGramática. _914277 |
| 852 |
_aES-MaACL _jG-6141 _z.- Legado M. de la Fuente |
||
| 852 |
_aES-MaACL _jC-3812 |
||
| 999 |
_c41291 _d41291 |
||